Výhody recese pro marketing?
Veľkým firmám prináša recesia veľa možností vo všetkých 4P marketingu. Investície do inovácií a vývoja nových produktov. Vyššia cenová elasticita a úspora výdavkov - možnosť zvýšenia zisku aj napriek nižším predajným cenám. Reorganizácia distribučných kanálov. Výdavky na marketingovú komunikáciu.
Salvato in:
| Autore principale: | |
|---|---|
| Natura: | Capitolo di libro |
| Lingua: | ceco |
| Soggetti: | |
| Tags: |
Nessun Tag, puoi essere il primo ad aggiungerne!!
|
MARC
| LEADER | 00000naa$a2200000$$$4500 | ||
|---|---|---|---|
| 001 | 0100694 | ||
| 005 | 20231019093926.4 | ||
| 041 | 0 | |a cze | |
| 044 | |a CZ | ||
| 245 | 1 | 0 | |a Výhody recese pro marketing? |c Přemysl Staroveský |
| 520 | |a Veľkým firmám prináša recesia veľa možností vo všetkých 4P marketingu. Investície do inovácií a vývoja nových produktov. Vyššia cenová elasticita a úspora výdavkov - možnosť zvýšenia zisku aj napriek nižším predajným cenám. Reorganizácia distribučných kanálov. Výdavky na marketingovú komunikáciu. | ||
| 610 | 2 | 0 | |a marketing |
| 610 | 2 | 0 | |a komunikácia marketingová |
| 610 | 2 | 0 | |a produkty |
| 610 | 2 | 0 | |a ceny |
| 610 | 2 | 0 | |a kanály distribučné |
| 610 | 2 | 0 | |a rozpočty |
| 610 | 2 | 0 | |a výdavky |
| 610 | 2 | 0 | |a firmy |
| 610 | 2 | 0 | |a recesia |
| 100 | 1 | |a Staroveský, Přemysl | |